Clinical observations on captive and free ranging west Indian manatees Trichechus manatus in Florida (Registro nro. 9657)

Detalles MARC
000 -CABECERA
Campo de control 005620000a22001690004500
090 ## - CLASIFICACIÓN LOCAL
Colección AR
Consecutivo 00565
041 0# - IDIOMA
Código de idioma para texto/pista de sonido o título separado
100 1# - ASIENTO PRINCIPAL--NOMBRE PERSONAL
Nombre personal Irvine, A. Blair
245 10 - MENCION DE TITULO
Título Clinical observations on captive and free ranging west Indian manatees Trichechus manatus in Florida
650 14 - ASIENTO SECUNDARIO DE MATERIA - TERMINO TEMATICO
Término temático o nombre geográfico como elemento de entrada Mamíferos acuáticos
650 14 - ASIENTO SECUNDARIO DE MATERIA - TERMINO TEMATICO
Término temático o nombre geográfico como elemento de entrada Información biológica
650 14 - ASIENTO SECUNDARIO DE MATERIA - TERMINO TEMATICO
Término temático o nombre geográfico como elemento de entrada Salud animal
651 #4 - ASIENTO SECUNDARIO DE MATERIA - NOMBRE GEOGRAFICO
-- Florida
-- Estados Unidos
653 ## - TERMINO DE INDIZACION - NO CONTROLADO
-- Trichechus
-- Trichechus manatus
773 1# - Item fuente:
Título Aquatic Mammals
Especificación de materiales 217
Descripción física 1
Paginas del Articulo 2-10
Lugar, editorial y fecha de publicación 1980
Información sobre la relación 8
942 ## - ELEMENTOS ADICIONALES (KOHA)
Tipo de ítem Artículo
Existencias
Withdrawn status Lost status Damaged status No para préstamo Colección Ubicación Permanente Ubicación actual Fecha de adquisición Datos de publicación Seriada Total Checkouts Número topográfico Inventario / Código de Barras Date last seen Ejemplar Price effective from Forma de adquisición Tipo de material
      No para Préstamo Hemeroteca Bogotá Bogotá 27/02/2015 Fuera de circulación   AR 00565 010874 25/03/2015 1 25/03/2015   Artículo